System of paying enlisted men. Letter from the Secretary of War, transmitting, with disapproval, a plan for a change in the present system of pay of enlisted men, by Capt. O. W. Pollock, Twenty-third Infantry, United States Army.

Bibliographic Details
Corporate Authors: United States. Congress. House. Committee on Military Affairs, ProQuest (Firm)
Format: eBook
Language:English
Published: Washington : [publisher not identified], 1875.
Series:United States congressional serial set.
Subjects:
Online Access:Connect to the full text of this electronic book

MARC

Tag First Indicator Second Indicator Subfields
LEADER 00000cam a22000001a 4500
001 in00002933869
005 20190401173052.0
006 m o d
007 cr un mmmapmmp
008 061205s1875 dcud o f000 0 eng d
035 |a cis2004032046 
040 |a UMI  |c UMI  |d UtOrBLW 
043 |a n-us--- 
099 |a ProQuest Serial Set Number 1687 H.exdoc.48 
110 1 |a United States.  |b Congress.  |b House.  |b Committee on Military Affairs. 
245 1 0 |a System of paying enlisted men. Letter from the Secretary of War, transmitting, with disapproval, a plan for a change in the present system of pay of enlisted men, by Capt. O. W. Pollock, Twenty-third Infantry, United States Army. 
246 1 |a System of paying enlisted men 
264 1 |a Washington :  |b [publisher not identified],  |c 1875. 
300 |a 1 online resource. 
336 |a text  |b txt  |2 rdacontent 
337 |a computer  |b c  |2 rdamedia 
338 |a online resource  |b cr  |2 rdacarrier 
490 0 |a H.exdoc.48 
500 |a Record is based on bibliographic data in ProQuest U.S. Serial Set Digital Collection (last viewed Dec. 2006). Reuse except for individual research requires license from ProQuest, LLC. 
510 3 |a ProQuest U.S. Serial Set Digital Collection 
500 |a Electronic resource. 
650 0 |a Expenditures, Public. 
650 0 |a Military pay. 
650 0 |a Military service, Voluntary. 
655 7 |a Electronic books.  |2 local 
710 2 |a ProQuest (Firm) 
830 0 |a United States congressional serial set. 
856 4 0 |u http://proxy.library.tamu.edu/login?url=http://congressional.proquest.com/congcomp/getdoc?SERIAL-SET-ID=1687+H.exdoc.48  |z Connect to the full text of this electronic book  |t 0 
999 |a MARS 
999 f f |s d87bc203-cee0-3dcd-bfe0-66e986797271  |i 32c129db-170f-3b25-ad97-bc57659099ff  |t 0 
952 f f |a Texas A&M University  |b College Station  |c Electronic Resources  |d Available Online  |t 0  |e ProQuest Serial Set Number 1687 H.exdoc.48  |h Other scheme 
998 f f |a ProQuest Serial Set Number 1687 H.exdoc.48  |t 0  |l Available Online